[Event "C.to Torinese Assoluto Semifinale"]
[Site "Torino ITA"]
[Date "2016.05.09"]
[Round "2"]
[White "Di Chiara, Mauro"]
[Black "Di Muro, Luigi"]
[WhiteElo "1967"]
[BlackElo "1735"]
[Result "1-0"]
[PlyCount "59"]
[EventDate "2016.05.02"]

1. Nf3 Nf6 2. c4 d6 3. d4 Nbd7 4. Nc3 e5 5. e4 c6 6. Be2 Be7 7. O-O O-O 8. Qc2
Qc7 9. Bg5 Re8 10. Rad1 Nf8 11. d5 h6 12. Bh4 g5 13. Bg3 Ng6 14. b4 g4 15. Ne1
h5 16. f3 Qb6+ 17. Bf2 Qxb4 18. Nd3 Qa5 19. Rb1 Qc7 20. Be3 Nh7 21. Qd1 cxd5
22. Nxd5 Qd7 23. fxg4 hxg4 24. Nf2 g3 25. hxg3 Qd8 26. Ng4 Bxg4 27. Bxg4 b6 28.
Qf3 Rf8 29. Bh6 Ng5 30. Qf5 1-0

[Event "C.to Torinese Assoluto Semifinale"]
[Site "Torino ITA"]
[Date "2016.05.09"]
[Round "2"]
[White "Mantovan, Giuseppe"]
[Black "Covello, Danilo"]
[WhiteElo "1795"]
[BlackElo "2077"]
[Result "1-0"]
[PlyCount "65"]
[EventDate "2016.05.02"]

1. d4 Nf6 2. c4 e6 3. Nc3 Bb4 4. Bg5 d5 5. e3 O-O 6. a3 Be7 7. Nf3 b6 8. cxd5
exd5 9. Bd3 Be6 10. Qc2 h6 11. Bh4 c5 12. O-O Qc8 13. Qe2 Nc6 14. Ba6 Qb8 15.
Bg3 Bd6 16. dxc5 bxc5 17. Qb5 Bxg3 18. hxg3 Qxb5 19. Bxb5 Rac8 20. Bxc6 Rxc6
21. Rfc1 Rb8 22. Na4 Ne4 23. b4 c4 24. Nc3 Nxc3 25. Rxc3 Ra6 26. Rac1 Ra4 27.
Nd4 Rb6 28. f3 a5 29. bxa5 Rxa5 30. g4 Kf8 31. Kh2 Ke7 32. Kg3 Rb2 33. Nc6+ 1-0

[Event "C.to Torinese Assoluto Semifinale"]
[Site "Torino ITA"]
[Date "2016.05.16"]
[Round "3"]
[White "Di Chiara, Mauro"]
[Black "Sorcinelli, Francesco"]
[WhiteElo "1967"]
[BlackElo "2119"]
[Result "0-1"]
[PlyCount "84"]
[EventDate "2016.05.02"]

1. Nf3 Nf6 2. c4 e6 3. d4 c5 4. e3 g6 5. Nc3 Bg7 6. Be2 O-O 7. O-O b6 8. d5
exd5 9. cxd5 d6 10. e4 Re8 11. Nd2 Na6 12. a4 Nb4 13. f3 Qe7 14. Nc4 Ba6 15.
Bf4 Bxc4 16. Bxc4 a6 17. Re1 Nh5 18. Be3 Be5 19. Qd2 Qh4 20. g4 Nf6 21. Bg5 Qh3
22. Rf1 h5 23. Bxf6 Bxf6 24. gxh5 Qxh5 25. Na2 Nxa2 26. Bxa2 Kg7 27. Bc4 Be5
28. Rae1 g5 29. Qg2 b5 30. axb5 axb5 31. Be2 Qh4 32. Ra1 Rxa1 33. Rxa1 Bxb2 34.
Rb1 Bd4+ 35. Kh1 Ra8 36. Qg3 Qxg3 37. hxg3 b4 38. Bc4 Ra3 39. Rb3 Ra1+ 40. Kg2
Rg1+ 41. Kh3 Be5 42. Kg4 Kg6 0-1

[Event "C.to Torinese Assoluto Semifinale"]
[Site "Torino ITA"]
[Date "2016.05.23"]
[Round "4"]
[White "Mantovan, Giuseppe"]
[Black "Chiabrando, Davide"]
[WhiteElo "1795"]
[BlackElo "1623"]
[Result "1-0"]
[PlyCount "49"]
[EventDate "2016.05.02"]

1. d4 d5 2. Bf4 Nf6 3. e3 e6 4. Bd3 c5 5. c3 Bd6 6. Bg3 Nc6 7. Nf3 b6 8. Ne5
Qc7 9. Bb5 Bb7 10. Qa4 Rc8 11. Nd2 O-O 12. f4 Ne7 13. Bd3 a6 14. Qd1 b5 15. Bh4
Nd7 16. Bxe7 Bxe7 17. Qh5 g6 18. Qh3 Bf6 19. O-O Bg7 20. Ndf3 Rfe8 21. Ng5 Nxe5
22. Qxh7+ Kf8 23. fxe5 Re7 24. Qxg6 Bc6 25. Nxe6+ 1-0

[Event "C.to Torinese Assoluto Semifinale"]
[Site "Torino ITA"]
[Date "2016.05.23"]
[Round "4"]
[White "Sorcinelli, Francesco"]
[Black "Fassio, Luca"]
[WhiteElo "2119"]
[BlackElo "1990"]
[Result "1-0"]
[PlyCount "107"]
[EventDate "2016.05.02"]

1. d4 Nf6 2. c4 c5 3. d5 e6 4. Nc3 exd5 5. cxd5 d6 6. e4 g6 7. f4 Bg7 8. Nf3
O-O 9. Be2 Re8 10. e5 dxe5 11. fxe5 Ng4 12. Bg5 f6 13. exf6 Bxf6 14. Qd2 Bxg5
15. Qxg5 Qxg5 16. Nxg5 Ne3 17. Kf2 Bf5 18. Bf3 Na6 19. d6 Nb4 20. Nge4 Nec2 21.
Nf6+ Kf7 22. Nxe8 Nxa1 23. Nc7 Rd8 24. Rxa1 Rxd6 25. Rd1 Nd3+ 26. Ke3 Rd7 27.
Be4 c4 28. Bxf5 gxf5 29. N7d5 Nxb2 30. Rb1 Nd3 31. Kd4 Nf4 32. Rf1 Nxg2 33.
Rxf5+ Kg6 34. Rf2 Nh4 35. Kxc4 Nf5 36. a4 b6 37. Re2 Kf7 38. Re5 Nd6+ 39. Kd4
a6 40. Nxb6 Nb5+ 41. Ke3 Rb7 42. Nxb5 Rxb6 43. a5 Rh6 44. Nc7 Rc6 45. Nd5 Rc5
46. Rh5 Rxa5 47. Rxh7+ Kg6 48. Rd7 Ra2 49. Nf4+ Kf5 50. Rd5+ Kg4 51. h3+ Kh4
52. Rh5+ Kg3 53. Rg5+ Kh4 54. Rg4# 1-0

[Event "C.to Torinese Assoluto Semifinale"]
[Site "Torino ITA"]
[Date "2016.05.30"]
[Round "5"]
[White "Fassio, Luca"]
[Black "Raccanello, Marianna"]
[WhiteElo "1990"]
[BlackElo "1781"]
[Result "1-0"]
[PlyCount "39"]
[EventDate "2016.05.02"]

1. e4 c5 2. c3 d5 3. exd5 Qxd5 4. d4 Nf6 5. Nf3 Nc6 6. Be2 Bf5 7. dxc5 Qxc5 8.
Be3 Qa5 9. Qb3 Qc7 10. Na3 e5 11. Nb5 Qb8 12. Ng5 Bg6 13. Bc4 Nd8 14. O-O-O Be7
15. Rxd8+ Kxd8 16. Bxf7 Bf5 17. Be6 Bg6 18. Rd1+ Ke8 19. Bf7+ Bxf7 20. Qxf7#
1-0

[Event "C.to Torinese Assoluto Semifinale"]
[Site "Torino ITA"]
[Date "2016.05.30"]
[Round "5"]
[White "Pitica, Silviu Valentin"]
[Black "Sorcinelli, Francesco"]
[WhiteElo "2007"]
[BlackElo "2119"]
[Result "1/2-1/2"]
[PlyCount "31"]
[EventDate "2016.05.02"]

1. e4 c5 2. Nf3 d6 3. d4 cxd4 4. Nxd4 Nf6 5. Nc3 g6 6. Be3 Bg7 7. f3 O-O 8. Qd2
Nc6 9. Bc4 Bd7 10. O-O-O Rc8 11. Bb3 Ne5 12. Kb1 Re8 13. h4 Qa5 14. g4 Rxc3 15.
Qxc3 Qxc3 16. bxc3 1/2-1/2

[Event "C.to Torinese Assoluto Semifinale"]
[Site "Torino ITA"]
[Date "2016.06.06"]
[Round "6"]
[White "Di Chiara, Mauro"]
[Black "Parisi, Gianmario"]
[WhiteElo "1967"]
[BlackElo "1764"]
[Result "1-0"]
[PlyCount "97"]
[EventDate "2016.05.02"]

1. Nf3 Nf6 2. c4 e6 3. d4 b6 4. g3 Ba6 5. b3 Bb4+ 6. Bd2 Be7 7. Bg2 c6 8. O-O
d5 9. Ne5 Nfd7 10. Nxd7 Nxd7 11. Nc3 O-O 12. Re1 Bb7 13. e4 dxe4 14. Nxe4 Nf6
15. Qe2 Nxe4 16. Qxe4 Bf6 17. Bc3 Rb8 18. Qe3 c5 19. Rad1 cxd4 20. Bxd4 Qe7 21.
Bxf6 Qxf6 22. Qd4 Bxg2 23. Qxf6 gxf6 24. Kxg2 Rfd8 25. Kf3 Kg7 26. Ke2 f5 27.
Rxd8 Rxd8 28. Rd1 Rxd1 29. Kxd1 e5 30. Ke2 Kf6 31. b4 Ke6 32. Ke3 f6 33. h3 h5
34. Kf3 a6 35. a3 Kd6 36. Ke3 Ke6 37. Kd3 Kd6 38. Kc3 Kc6 39. Kd2 Kd6 40. Ke3
Ke6 41. f3 Kd6 42. h4 Ke6 43. Kf2 Kd6 44. g4 fxg4 45. fxg4 hxg4 46. h5 Ke6 47.
h6 Kf7 48. c5 bxc5 49. bxc5 1-0

[Event "C.to Torinese Assoluto Semifinale"]
[Site "Torino ITA"]
[Date "2016.06.06"]
[Round "6"]
[White "Raccanello, Marianna"]
[Black "Vozza, Nicola"]
[WhiteElo "1781"]
[BlackElo "1919"]
[Result "1/2-1/2"]
[PlyCount "84"]
[EventDate "2016.05.02"]

1. e4 e5 2. Nf3 Nc6 3. d4 exd4 4. Bc4 Nf6 5. O-O Nxe4 6. Re1 d5 7. Bxd5 Qxd5 8.
Nc3 Qa5 9. Nxe4 Be6 10. Neg5 O-O-O 11. Nxe6 fxe6 12. Rxe6 Bd6 13. Bg5 Rdf8 14.
Bd2 Qh5 15. h3 Re8 16. Ng5 Qxd1+ 17. Rxd1 h6 18. Rde1 Kd7 19. Rxe8 Rxe8 20.
Rxe8 Kxe8 21. Nf3 Kd7 22. Kf1 Ke6 23. Ke2 Kd5 24. Kd3 Ne5+ 25. Nxe5 Bxe5 26.
c4+ dxc3 27. Bxc3 Bxc3 28. Kxc3 c5 29. a4 b6 30. f3 a6 31. Kd3 c4+ 32. Kc3 b5
33. axb5 axb5 34. Kb4 Kd4 35. Kxb5 c3 36. bxc3+ Kxc3 37. Kc6 Kd4 38. Kd6 Ke3
39. Ke6 Kf2 40. Kf7 Kxg2 41. Kxg7 Kxf3 42. Kxh6 Kg3 1/2-1/2